The ancient library of Qumran and modern Biblical studies /

محفوظ في:

المؤلف الرئيسي: Cross, Frank Moore (مؤلف)

التنسيق: كتاب

اللغة: English

منشور في: Garden City, N. Y. : Anchor Books, [1961].

الطبعة: Rev. ed.

سلاسل: The Haskell lectures, 1956-1957.
A Doubleday anchor book ; A272.

الموضوعات:

الوسوم: إضافة وسم

لا توجد وسوم, كن أول من يضع وسما على هذه التسجيلة!

رقم الطلب: BM175 .Q6 C7 1961

LEADER 00880nam a2200277I 4500
001 6456
003 OSt
005 20251013112409.0
008 130303s1961 nyua b 000 0 eng d
010 |a 61016247 
040 |c ARCE Library 
050 4 |a BM175 .Q6 C7 1961 
100 1 |a Cross, Frank Moore,   |e author 
245 1 4 |a The ancient library of Qumran and modern Biblical studies /  |c by Frank Moore Cross. 
250 |a Rev. ed. 
264 1 |a Garden City, N. Y. :   |b Anchor Books,  |c [1961]. 
300 |a 260 pages :  |b illustrations ;  |c 19 cm. 
490 0 |a The Haskell lectures, 1956-1957. 
490 0 |a A Doubleday anchor book ;  |v A272. 
504 |a Includes bibliographical references. 
630 0 0 |a Dead Sea scrolls  |x Relation to the New Testament.  
630 0 0 |a Dead Sea scrolls. 
650 0 |a Qumran community.  |9 1732 
901 |a reviewed 
942 |c BK  |2 lcc 
999 |c 8524  |d 8524